00547naa a2200169 a 450000100080000000500110000800800410001910000180006024500350007826000090011352001120012265300120023465300110024665300150025765300100027277300950028211208802014-05-09 2013 bl uuuu u00u1 u #d1 aVIEIRA, L. M. aBanana.h[electronic resource] c2013 aS??ntese do comportamento da produ????o e mercado da banana em n??veis inrternacional, nacional e estadual. amercado apre??o aProdu????o asafra tS??ntese Anual da Agricultura de Santa Catarina 2012-2013, Florian??polis, p. 18-25, 2013.